|
|
|
|
| LEADER |
01204nam a2200289 a 4500 |
| 001 |
1115 |
| 003 |
BD-DhAAL |
| 005 |
20151007114335.0 |
| 008 |
151007s1993 enka b 001 0 eng |
| 020 |
|
|
|a 1852932287
|
| 020 |
|
|
|a 0470219319
|
| 035 |
|
|
|a 1243816
|
| 040 |
|
|
|a LC
|b eng
|c LC
|d SUA
|d BD-DhAAL
|
| 050 |
0 |
0 |
|a HN49.C6
|b G74 1993
|
| 082 |
0 |
4 |
|a 307.1/412
|2 20
|
| 245 |
0 |
4 |
|a The Greening of rural policy :
|b international perspectives /
|c edited by Sarah Harper.
|
| 260 |
|
|
|a London ;
|a New York :
|b Belhaven Press ;
|a New York :
|b Co-published in the Americas by Halstead Press,
|c 1993.
|
| 300 |
|
|
|a x, 212 p. :
|b ill. ;
|c 24 cm.
|
| 504 |
|
|
|a Includes bibliographical references and indexes.
|
| 541 |
|
|
|e 1115
|
| 650 |
|
0 |
|a Rural development
|z Environmental aspects.
|9 15200
|
| 650 |
|
0 |
|a Agriculture and state
|x Environmental aspects.
|9 10426
|
| 650 |
|
0 |
|a Land use, Rural
|x Environmental aspects.
|9 15201
|
| 700 |
1 |
|
|a Harper, Sarah.
|9 15202
|
| 942 |
|
|
|2 ddc
|c BK
|
| 999 |
|
|
|c 35706
|d 35706
|
| 952 |
|
|
|0 0
|1 0
|2 ddc
|4 0
|6 307_100000000000000_412_GRE
|7 0
|9 56158
|a SCL
|b SCL
|c GEN
|d 2015-10-07
|g 3077.00
|l 0
|o 307.1412 GRE
|p 3020001115
|r 2015-10-07
|t 1
|w 2015-10-07
|y BK
|x 'The mentioned price is BDT conversion, actual price was €35'
|